|
|
|
|
| LEADER |
01116cam a2200361 a 4500 |
| 001 |
000046426 |
| 003 |
5893 |
| 005 |
20180105075459.0 |
| 008 |
010220b1998 vm 000 eng |
| 020 |
|
|
|a 0442009917
|
| 022 |
|
|
|a T
|
| 040 |
|
|
|a IRC
|c IRC
|d IRC
|
| 041 |
0 |
|
|a eng
|
| 082 |
1 |
4 |
|a 720.47
|b GI-B
|
| 100 |
1 |
|
|a Givoni, Baruch.
|
| 245 |
0 |
0 |
|a Climate considerations in building and urban design /
|c Baruch Givoni.
|
| 260 |
|
|
|a New York :
|b Van Nostrand Reinhold,
|c 1998.
|
| 300 |
|
|
|a xiv, 464p. :
|b ill.
|
| 630 |
0 |
4 |
|a Architecture.
|
| 650 |
0 |
4 |
|a Architecture and climate.
|
| 650 |
0 |
4 |
|a Urban climatology.
|
| OWN |
|
|
|a DUT
|
| AVA |
|
|
|a UDN50
|b DUT
|c Book
|d 720.47 GI-B
|e available
|t Error 5001 Not defined in file expand_doc_bib_avail.
|f 1
|g 0
|h N
|i 0
|j SH
|k 1
|
| 999 |
|
|
|a From the UDN01
|
| AVA |
|
|
|a UDN50
|b DUT
|c Book
|d 720.47 GI-B
|e available
|t Error 5001 Not defined in file expand_doc_bib_avail.
|f 1
|g 0
|h N
|i 0
|j SH
|k 1
|
| TYP |
|
|
|a Monograph
|
| TYP |
|
|
|a Printed language
|
| 980 |
|
|
|a Mạng thư viện Đại học Đà Nẵng
|